Living English : bachillerato : Student's Book /

Guardat en:
Dades bibliogràfiques
Autor principal: Grant, Elizabeth (autor)
Altres autors: Edwards, Kaitlin (autor) (autor)
Format: Llibre
Idioma:anglès
Publicat: Limasol, Chipre : Burlington, 2014, c2014
Matèries:
Etiquetes: Afegir etiqueta
Sense etiquetes, Sigues el primer a etiquetar aquest registre!

MARC

LEADER 00000nam^a2200000^a^4500
001 000418785
005 20250521000000.0
009 20260310122426.468
020 |a 978-9963-48-987-9 
037 |a Acervo ITESO - Biblioteca 
041 |a ING 
082 |a 373. 238045  |b PRE ING S. 1 V. 1 
100 |a Grant, Elizabeth  |e (autor) 
240 1 1 |a [Living English: bachillerato] 
240 1 1 |a [Living English: bachillerato: Student's Book] 
245 1 0 |a Living English :  |b bachillerato : Student's Book /  |c E. Grant, K. Edwards. 
264 4 |a Limasol, Chipre :  |b Burlington,  |c 2014, c2014 
300 |a 164 p. 
336 |a texto  |b txt  |2 rdacontenido 
337 |a sin mediación  |b n  |2 rdamedio 
338 |a volumen  |b nc  |2 rdasoporte 
521 |a 2021 BO Preparatoria 
649 |a XX 
650 |a Inglés -  |x Estudio y Enseñanza -  |x Tema Principal 
650 |a Inglés como Lengua Extranjera -  |x Estudio y Enseñanza -  |x Tema Principal 
650 |a Comunicación Oral -  |x Estudio y Enseñanza 
650 |a Comunicación Escrita -  |x Estudio y Enseñanza 
650 |a Libros de Texto 
650 |a Educación Media Superior -  |z Guadalajara, Jalisco -  |x Tema Principal 
650 |a Educación Media Superior -  |z México 
700 |a Edwards, Kaitlin  |e (autor) 
910 |a Fondo General 
920 |a Impresos - Libros 
930 |a Colección General 
905 |a 101 
901 |a 0500328276  |b IT1  |c ACC  |i C171339  |u 20250521 
901 |a 0500328275  |b IT1  |c ACC  |i C171338  |u 20250521 
901 |a 0500328274  |b IT1  |c ACC  |i C171337  |u 20250521 
902 |a https://opac.biblio.iteso.mx/vufind/Record/000418785